Microbiology : Laboratory Theory and Application /

Gespeichert in:
Bibliographische Detailangaben
1. Verfasser: Leboffe, Michael J. (autor)
Weitere Verfasser: Pierce, Burton E. (autor) (autor)
Format: Buch
Sprache:Englisch
Ausgabe:3a edición
Schlagworte:
Tags: Tag hinzufügen
Keine Tags, Fügen Sie das erste Tag hinzu!

MARC

LEADER 00000nam^a2200000^a^4500
001 000323716
005 20250521000000.0
009 20260526140410.59
020 |a 0-89582-830-8 
020 |a 978-0-89582-830-9 
037 |a Acervo ITESO - Biblioteca 
041 |a ING 
082 |a 576. 078  |b LEB 
100 |a Leboffe, Michael J.  |e (autor) 
245 1 0 |a Microbiology :  |b Laboratory Theory and Application /  |c M.J. Leboffe, B.E. Pierce. 
250 |a 3a edición 
264 |a Colorado, EUA :  |b Morton,  |c 2010 
300 |a 772 p. 
336 |a texto  |b txt  |2 rdacontenido 
337 |a sin mediación  |b n  |2 rdamedio 
338 |a volumen  |b nc  |2 rdasoporte 
521 |a 2012 BO Licenciatura en Nutrición y Ciencias de los Alimentos 
649 |a XX 
650 |a Microbiología -  |x Laboratorios -  |x Tema Principal 
650 |a Microbiología 
650 |a Biología 
700 |a Pierce, Burton E.  |e (autor) 
910 |a Fondo General 
920 |a Impresos - Libros 
930 |a Colección General 
905 |a 101 
901 |a 0500211511  |b IT1  |c ACC  |i C133068  |u 20250521 
902 |a https://opac.biblio.iteso.mx/vufind/Record/000323716